| 000 | 00741nam a2200253Ia 4500 | ||
|---|---|---|---|
| 003 | OSt | ||
| 005 | 20220925224247.0 | ||
| 006 | a|||||r|||| 00| 0 | ||
| 007 | ta | ||
| 008 | 220923b |||||||| |||| 00| 0 eng d | ||
| 020 | _a071000999 | ||
| 037 | _cGeneral Book | ||
| 040 |
_aRTL _cRTL _beng |
||
| 041 |
_2eng _aeng |
||
| 082 | _aX:770gF.1(X).N7, M2 | ||
| 100 |
_aDuller H J _9291031 |
||
| 245 | 0 | _aDevelopment technology | |
| 260 |
_aLondon _bRoutledge & Kegan Paul _c1982 |
||
| 300 |
_a192p. Bibliography: P 173-90 _ccm. |
||
| 500 | _aInternationald Linbrary of Anthropology | ||
| 650 |
_aEconomic Development _917300 |
||
| 942 |
_hX:770gF.1(X).N7, M2 _cGB _2CC |
||
| 999 |
_c581188 _d581188 |
||